Seminario sulla gioventù

Salvato in:
Dettagli Bibliografici
Autore principale: Busi, Aldo
Natura: Libro
Pubblicazione: Milano : Mondadori, 1989
Tags: Aggiungi Tag
Nessun Tag, puoi essere il primo ad aggiungerne!!

MARC

LEADER 00000nam a2200000 i 4500
001 143
003 NUMERAZIONE-ORIGINALE-BRESCIA
005 20260314231426.0
008 030916s2003 it |||||| ||||| |||||c
040 |c arcigay brescia 
100 |a Busi, Aldo 
245 0 |a Seminario sulla gioventù 
260 |a Milano :  |b Mondadori,  |c 1989 
500 |a Oscar - Narrativa 
942 |2 ddc  |c BK  |n 0 
952 |0 0  |1 0  |2 ddc  |4 0  |6 21  |7 0  |9 28334  |a BS  |b BS  |d 2026-02-06  |i 143  |l 0  |o 2-1-*  |r 2026-02-06 22:40:32  |w 2026-02-06  |x [REVISIONARE]  |y BK 
999 |c 24024  |d 24024